Live Aid Performers - Statistics

General Stats
  • This quiz has been taken 103 times
  • The average score is 10 of 25
Answer Stats
Hint Answer % Correct
A Rocket man Elton John
92%
Ziggy David Bowie
80%
Elizabeth II Queen
69%
Christmas No.1 1984 Band Aid
64%
He had Faith George Michael
64%
Tommy The Who
60%
They had pride U2
57%
Double Denim Status Quo
55%
He Planned it all Boomtown Rats
46%
Loves the common people Paul Young
40%
Buster Phil Collins
40%
Half of Yazoo Alison Moyet
38%
New Romantics Spandau Ballet
36%
Walls came tumbling down Style Council
36%
Enjoys a riddle Nik Kershaw
33%
He would like to get to know you Howard Jones
29%
He stuck together Bryan Ferry
25%
Best Selling UK No.2 Single Ultravox
24%
A great year for the roses Elvis Costello
21%
A charming guy Adam Ant
18%
The other man Andrew Ridgeley
15%
Opening Act - national Anthem The Coldstream Gaurds
13%
A bit skint Dire Straits
11%
A pain in the arse Sting
11%
Famed for her Duet Kiki Dee
7%
No matching quizzes found
Score Distribution
Percent of People with Each Score
Percentile by Number Answered
Your Score History
You have not taken this quiz